<?xml version="1.0" encoding="UTF-8"?><?xml-stylesheet type="text/xsl" href="static/style.xsl"?><OAI-PMH xmlns="http://www.openarchives.org/OAI/2.0/" xmlns:xsi="http://www.w3.org/2001/XMLSchema-instance" xsi:schemaLocation="http://www.openarchives.org/OAI/2.0/ http://www.openarchives.org/OAI/2.0/OAI-PMH.xsd"><responseDate>2026-06-05T12:32:21Z</responseDate><request verb="GetRecord" identifier="oai:riuma.uma.es:10630/38933" metadataPrefix="marc">https://riuma.uma.es/rest/oai/request</request><GetRecord><record><header><identifier>oai:riuma.uma.es:10630/38933</identifier><datestamp>2026-02-03T11:18:58Z</datestamp><setSpec>com_10630_2254</setSpec><setSpec>col_10630_37953</setSpec></header><metadata><record xmlns="http://www.loc.gov/MARC21/slim" xmlns:dcterms="http://purl.org/dc/terms/" xmlns:doc="http://www.lyncode.com/xoai" xmlns:xsi="http://www.w3.org/2001/XMLSchema-instance" xsi:schemaLocation="http://www.loc.gov/MARC21/slim http://www.loc.gov/standards/marcxml/schema/MARC21slim.xsd">
   <leader>00925njm 22002777a 4500</leader>
   <datafield ind2=" " ind1=" " tag="042">
      <subfield code="a">dc</subfield>
   </datafield>
   <datafield ind2=" " ind1=" " tag="720">
      <subfield code="a">Amor, Fatma</subfield>
      <subfield code="e">author</subfield>
   </datafield>
   <datafield ind2=" " ind1=" " tag="720">
      <subfield code="a">Bradai, Mariem</subfield>
      <subfield code="e">author</subfield>
   </datafield>
   <datafield ind2=" " ind1=" " tag="720">
      <subfield code="a">Zaidi, Ikram</subfield>
      <subfield code="e">author</subfield>
   </datafield>
   <datafield ind2=" " ind1=" " tag="720">
      <subfield code="a">Amorim-Silva, Vitor</subfield>
      <subfield code="e">author</subfield>
   </datafield>
   <datafield ind2=" " ind1=" " tag="720">
      <subfield code="a">Miled, Nabil</subfield>
      <subfield code="e">author</subfield>
   </datafield>
   <datafield ind2=" " ind1=" " tag="720">
      <subfield code="a">Hanin, Moez</subfield>
      <subfield code="e">author</subfield>
   </datafield>
   <datafield ind2=" " ind1=" " tag="720">
      <subfield code="a">Ebel, Chantal</subfield>
      <subfield code="e">author</subfield>
   </datafield>
   <datafield ind2=" " ind1=" " tag="260">
      <subfield code="c">2025-04-28</subfield>
   </datafield>
   <datafield ind2=" " ind1=" " tag="520">
      <subfield code="a">Type 1 protein phosphatases (PP1s) are crucial in various plant cellular processes. Their function is controlled by regulators known as PP1-interacting proteins (PIPs), often intrinsically disordered, such as Inhibitor 2 (I2), conserved across kingdoms. The durum wheat TdRL1 acts as a positive regulator of plant stress tolerance, presumably by inhibiting PP1 activity. In this work, co-immunoprecipitation and bimolecular fluorescence complementation (BiFC) assays demonstrate that the durum wheat TdPP1 interacts with both TdRL1 and At-I2 in vivo. YFP fluorescence restored after TdRL1-TdPP1 interaction decorated specifically the microtubular network of the tobacco co-infiltrated cells. In vitro phosphatase assays revealed that TdRL1 inhibited the activity of wild-type TdPP1 and two mutant forms (T243M and H135A) in a concentration-dependent manner, showing a novel and potent inhibition mechanism. Structural modeling of the TdPP1-inhibitor complexes suggested that both At-I2 and TdRL1 bind to TdPP1 by wrapping their flexible C-terminal tails around it, blocking access to the active site. Remarkably, the model showed that TdRL1 differs from At-I2 in its interaction with TdPP1 by trapping the phosphatase with its N-terminal tail. These findings provide important insights into the regulatory mechanisms governing the activity of PP1s in plants and highlight the potential for targeted inhibition to modulate plant stress responses.</subfield>
   </datafield>
   <datafield ind1="8" ind2=" " tag="024">
      <subfield code="a">Amor, F., Bradai, M., Zaidi, I., Amorim-Silva, V., Miled, N., Hanin, M., &amp; Ebel, C. (2025). The Wheat Intrinsically Disordered Protein TdRL1 Negatively Regulates the Type One Protein Phosphatase TdPP1. Biomolecules, 15(5), 631. https://doi.org/10.3390/biom15050631</subfield>
   </datafield>
   <datafield ind1="8" ind2=" " tag="024">
      <subfield code="a">https://hdl.handle.net/10630/38933</subfield>
   </datafield>
   <datafield ind1="8" ind2=" " tag="024">
      <subfield code="a">10.3390/biom15050631</subfield>
   </datafield>
   <datafield tag="653" ind2=" " ind1=" ">
      <subfield code="a">Fosfoproteínas fosfatasas</subfield>
   </datafield>
   <datafield tag="653" ind2=" " ind1=" ">
      <subfield code="a">Proteínas - Estructura</subfield>
   </datafield>
   <datafield ind2="0" ind1="0" tag="245">
      <subfield code="a">The Wheat Intrinsically Disordered Protein TdRL1 Negatively Regulates the Type One Protein Phosphatase TdPP1.</subfield>
   </datafield>
</record>
</metadata></record></GetRecord></OAI-PMH>